Urob si sám kĺzačku, vláčik a iné hračky. /
Saved in:
| Main Author: | |
|---|---|
| Format: | Book |
| Language: | Slovak French |
| Published: |
Bratislava :
Slovenské pedagogické nakladateľstvo - Mladé letá,
2001
|
| Edition: | 1. vyd. |
| Subjects: | |
| ISBN: |
8010002852 (brož.) |
| Physical Description: |
Nestr. |
| Tags: |
Add Tag
No Tags, Be the first to tag this record!
|
Titul je dostupný aj v ... 

MARC
| LEADER | 00000nam a2200000 a 4500 | ||
|---|---|---|---|
| 001 | 000079949 | ||
| 003 | SVKK | ||
| 005 | 20040213000000.0 | ||
| 008 | 031105s2001 xo e sloo | ||
| 020 | |a 8010002852 (brož.) | ||
| 040 | |a SVKKK |b slo |c SVKKK |e AACR2 | ||
| 041 | 1 | |a slo |h fre | |
| 044 | |a xo |c SK | ||
| 080 | |a 373.2(035) |2 1997 | ||
| 080 | |a 745.45(035) |2 1997 | ||
| 245 | 0 | 0 | |a Urob si sám kĺzačku, vláčik a iné hračky. / |c Edit. Marta Jankajová |
| 250 | |a 1. vyd. | ||
| 260 | |a Bratislava : |b Slovenské pedagogické nakladateľstvo - Mladé letá, |c 2001 | ||
| 300 | |a Nestr. | ||
| 655 | 7 | |a príručky |2 SVKKKPH | |
| 700 | 1 | |a Jankajová, Marta |4 adp | |
| 910 | |a svkkk | ||
| 919 | |a 80-10-00285-2 | ||
| 974 | |a UH |d 20031230 | ||
| 974 | |a KL |d 20031205 | ||
| 974 | |a MI |d 20040213 | ||
| 998 | |a BK | ||
| 090 | |g SCKHL |k Sklad Hlavná 10 prízemie |a V.210457 |j 957147 |i 2720018454 |s Absenčne | ||